Capitaines des équipes de la Coupe du monde de rugby 2023. - Statistiques

Statistiques générales
  • Ce quiz a été pris 118 fois
  • Le résultat moyen est 7 sur 20
Statistiques - réponses
Par images Hint Réponse % Correct
France Antoine Dupont
100%
Irlande Jonathan Sexton
95%
Afrique du Sud Siya Kolisi
87%
Angleterre Owen Farrell
86%
Australie Will Skelton
68%
Nouvelle-Zélande Sam Cane
62%
Fidji Waisea Nayacalevu
43%
Écosse Jamie Ritchie
36%
Italie Michele Lamaro
36%
Argentine Julian Montoya
33%
Pays de Galles Dewi Lake | Jac Morgan
24%
Samoa Michael Alaalatoa
18%
Tonga Sonatane Takulua
12%
Namibie Johan Deysel
9%
Japon Kazuki Himeno
8%
Uruguay Andrés Vilaseca
7%
Portugal Tomas Appleton
7%
Géorgie Merab Sharikadze
5%
Roumanie Cristi Chirica
4%
Chili Martin Sigren
4%
Aucun quiz correspondant
Distribution des résultats
% des personnes avec chaque résultat
Percentile par nombre de réponses
Votre historique - résultats
Vous n’avez pas pris ce quiz